000
00255nam a22001097a 4500
008
170120b xxu||||| |||| 00| 0 eng d
020
_a
9780736803298
041
_a
eng
080
_a
618.2
245
_a
LICENSED PRACTICAL NURSE
_c
WALLNER, R
942
_2
udc
_c
BK
999
_c
3238
_d
3238